[Event "Turkey IS Bank Super League 2017"]
[Site "Darica-Kocaeli"]
[Date "2017.07.30"]
[Round "5"]
[White "Topak, Engin"]
[Black "Karatekin, Tamer"]
[Result "1-0"]
[WhiteElo "2192"]
[BlackElo "2287"]
[Annotator "NA"]
[PlyCount "79"]
[EventType "team-tourn"]
[EventCountry "TUR"]
[SourceTitle "playchess.com"]
[Source "ChessBase"]
[SourceQuality "1"]
[TimeControl "40/5400+30:1800+30"]

1. e4 {[%emt 0:00:30]} c6 {[%emt 0:03:00]} 2. Nf3 {[%emt 0:05:30]} d5 {[%emt 0:00:30]} 3. Nc3 {[%emt 0:00:30]} Bg4 {[%emt 0:01:30]} 4. h3 {[%emt 0:00:30]} Bh5 {[%emt 0:00:00]} 5. d4 {[%emt 0:21:30]} dxe4 {[%emt 0:03:00]} 6. Nxe4 {[%emt 0:01:30]} e6 {[%emt 0:00:30]} 7. c3 {[%emt 0:00:30]} Nd7 {[%emt 0:00:30]} 8. Bf4 {[%emt 0:03:30]} Ndf6 {[%emt 0:08:30]} 9. Ng3 {[%emt 0:03:30]} Bg6 {[%emt 0:00:30]} 10. Ne5 {[%emt 0:01:30]} Ne7 {[%emt 0:01:30]} 11. Qb3 $14 {[%emt 0:04:30]} Nfd5 {[%emt 0:09:30]} 12. Bd2 {[%emt 0:05:30]} Qb6 {[%emt 0:16:30]} 13. O-O-O {[%emt 0:07:30]} Nf5 {[%emt 0:04:30]} 14. Nxf5 {[%emt 0:07:30]} Bxf5 {[%emt 0:01:30]} 15. g4 {[%emt 0:11:30]} Bg6 {[%emt 0:01:30]} 16. h4 {[%emt 0:00:30]} f6 {[%emt 0:08:30]} 17. h5 {[%emt 0:05:27]} Be4 {[%emt 0:14:30]} 18. f3 {[%emt 0:01:09]} fxe5 {[%emt 0:00:30]} 19. fxe4 {[%emt 0:00:30]} Qxb3 {[%emt 0:00:30]} 20. axb3 {[%emt 0:00:30]} Nf6 {[%emt 0:00:00]} 21. Bc4 {[%emt 0:02:21]} exd4 {[%emt 0:08:14]} 22. Bxe6 {[%emt 0:01:27]} Bc5 {[%emt 0:00:18]} 23. Rhe1 {[%emt 0:05:24]} Rd8 {[%emt 0:11:26]} 24. e5 {[%emt 0:01:18]} Nd5 {[%emt 0:00:01]} 25. cxd4 {[%emt 0:01:13]} Bxd4 {[%emt 0:01:03]} 26. Bg5 {[%emt 0:03:08]} Ne7 {[%emt 0:00:01]} 27. Rf1 {[%emt 0:02:29]} Rf8 {[%emt 0:04:28]} 28. Rxf8+ {[%emt 0:00:30]} Kxf8 {[%emt 0:00:00]} 29. Rf1+ {[%emt 0:00:25]} Ke8 {[%emt 0:00:02]} 30. Rf7 {[%emt 0:00:30]} Rd7 {[%emt 0:00:00]} 31. Rxg7 {[%emt 0:00:00]} Rc7 {[%emt 0:00:00]} 32. Bf6 {[%emt 0:01:04]} Be3+ {[%emt 0:01:14]} 33. Kb1 {[%emt 0:00:25]} Bh6 {[%emt 0:00:36]} 34. Rxh7 {[%emt 0:00:40]} Bf8 {[%emt 0:00:30]} 35. g5 {[%emt 0:00:00]} Nd5 {[%emt 0:00:11]} 36. Rxc7 {[%emt 0:00:16]} Nxc7 {[%emt 0:00:00]} 37. Bg8 {[%emt 0:00:00]} Nd5 {[%emt 0:00:35]} 38. Bxd5 {[%emt 0:00:18]} cxd5 {[%emt 0:00:30]} 39. h6 {[%emt 0:00:30]} Kf7 {[%emt 0:00:00]} 40. h7 {[%emt 0:00:00]} 1-0

[Event "Turkey IS Bank Super League 2017"]
[Site "Darica-Kocaeli"]
[Date "2017.07.30"]
[Round "5"]
[White "Yelken, Mustafa"]
[Black "Oksuz, Akin"]
[Result "1-0"]
[WhiteElo "2171"]
[BlackElo "2165"]
[Annotator "NA"]
[PlyCount "115"]
[EventType "team-tourn"]
[EventCountry "TUR"]
[SourceTitle "playchess.com"]
[Source "ChessBase"]
[SourceQuality "1"]
[TimeControl "40/5400+30:1800+30"]

1. d4 {[%emt 0:00:30]} d6 {[%emt 0:01:00]} 2. Nf3 {[%emt 0:02:30]} g6 {[%emt 0:00:30]} 3. e4 {[%emt 0:05:30]} Nf6 {[%emt 0:00:00]} 4. Nc3 {[%emt 0:00:30]} Bg7 {[%emt 0:01:00]} 5. Be2 {[%emt 0:02:30]} a6 {[%emt 0:00:30]} 6. a4 {[%emt 0:02:30]} b6 {[%emt 0:01:30]} 7. O-O $14 {[%emt 0:05:30]} Bb7 {[%emt 0:29:30]} 8. e5 {[%emt 0:10:30]} Nfd7 {[%emt 0:02:30]} 9. e6 {[%emt 0:13:30]} fxe6 {[%emt 0:00:30]} 10. Ng5 {[%emt 0:00:30]} Nf8 {[%emt 0:01:30]} 11. Bg4 {[%emt 0:00:30]} Qd7 {[%emt 0:09:30]} 12. Nxe6 {[%emt 0:05:30]} Nxe6 {[%emt 0:02:30]} 13. d5 {[%emt 0:01:30]} c6 {[%emt 0:02:30]} 14. Bxe6 {[%emt 0:04:30]} Qc7 {[%emt 0:00:00]} 15. Qf3 {[%emt 0:03:30]} Rf8 {[%emt 0:12:00]} 16. Qh3 {[%emt 0:00:30]} h6 {[%emt 0:08:30]} 17. Qg4 {[%emt 0:03:30]} g5 {[%emt 0:00:30]} 18. Qh5+ {[%emt 0:01:30]} Kd8 {[%emt 0:00:30]} 19. Qg6 {[%emt 0:00:00]} Bxc3 {[%emt 0:05:46]} 20. bxc3 {[%emt 0:00:00]} cxd5 {[%emt 0:00:14]} 21. Qxh6 {[%emt 0:00:30]} Nd7 {[%emt 0:00:30]} 22. Bxg5 {[%emt 0:01:30]} Qxc3 {[%emt 0:00:30]} 23. Qh7 {[%emt 0:01:30]} Re8 {[%emt 0:00:34]} 24. Rae1 {[%emt 0:06:30]} Nf6 {[%emt 0:05:11]} 25. Qg7 {[%emt 0:03:30]} Ne4 {[%emt 0:01:30]} 26. Qxc3 {[%emt 0:04:30]} Nxc3 {[%emt 0:00:02]} 27. Bf7 {[%emt 0:00:30]} Kd7 {[%emt 0:01:39]} 28. Bxe8+ {[%emt 0:00:30]} Rxe8 {[%emt 0:00:02]} 29. a5 {[%emt 0:09:30]} bxa5 {[%emt 0:00:04]} 30. Ra1 {[%emt 0:00:03]} a4 {[%emt 0:01:15]} 31. Rfe1 {[%emt 0:00:44]} Bc6 {[%emt 0:00:37]} 32. f3 {[%emt 0:01:23]} d4 {[%emt 0:00:43]} 33. Bd2 {[%emt 0:01:12]} Nd5 {[%emt 0:00:02]} 34. Kf2 {[%emt 0:00:59]} e5 {[%emt 0:00:02]} 35. h4 {[%emt 0:00:23]} Bb5 {[%emt 0:01:59]} 36. h5 {[%emt 0:00:36]} Ke6 {[%emt 0:00:17]} 37. h6 {[%emt 0:00:26]} Kf6 {[%emt 0:02:25]} 38. Rh1 {[%emt 0:00:41]} Rh8 {[%emt 0:01:04]} 39. h7 {[%emt 0:00:26]} Kg7 {[%emt 0:02:39]} 40. Rh6 {[%emt 0:00:00]} Nf6 {[%emt 0:03:55]} 41. Rah1 {[%emt 0:19:07]} e4 {[%emt 0:06:30]} 42. Bg5 {[%emt 0:04:48]} e3+ {[%emt 0:00:30]} 43. Kg3 {[%emt 0:00:05]} Nxh7 {[%emt 0:11:41]} 44. Be7 {[%emt 0:00:37]} d3 {[%emt 0:02:25]} 45. cxd3 {[%emt 0:03:34]} Bxd3 {[%emt 0:00:13]} 46. Rxd6 {[%emt 0:01:02]} Bc4 {[%emt 0:03:11]} 47. Rdh6 {[%emt 0:01:31]} Bd3 {[%emt 0:02:56]} 48. Bc5 {[%emt 0:00:23]} Re8 {[%emt 0:00:55]} 49. Bd4+ {[%emt 0:00:20]} Kg8 {[%emt 0:00:49]} 50. Rd6 {[%emt 0:01:07]} e2 {[%emt 0:04:13]} 51. Kf2 {[%emt 0:00:14]} a3 {[%emt 0:00:32]} 52. Bc3 {[%emt 0:00:19]} Bc4 {[%emt 0:02:45]} 53. Rg6+ {[%emt 0:06:14]} Kf8 {[%emt 0:00:05]} 54. Rc6 {[%emt 0:00:12]} Bb5 {[%emt 0:01:11]} 55. Rc7 {[%emt 0:00:19]} a2 {[%emt 0:03:18]} 56. Rcxh7 {[%emt 0:00:33]} Bc4 {[%emt 0:01:12]} 57. Rh8+ {[%emt 0:00:09]} Bg8 {[%emt 0:00:13]} 58. Rxg8+ {[%emt 0:00:06]} 1-0

[Event "Turkey IS Bank Super League 2017"]
[Site "Darica-Kocaeli"]
[Date "2017.07.30"]
[Round "5"]
[White "Ererdem, Gani Eren"]
[Black "Tirak, Mert"]
[Result "1-0"]
[WhiteElo "2090"]
[BlackElo "1909"]
[Annotator "NA"]
[PlyCount "47"]
[EventType "team-tourn"]
[EventCountry "TUR"]
[SourceTitle "playchess.com"]
[Source "ChessBase"]
[SourceQuality "1"]
[TimeControl "40/5400+30:1800+30"]

1. e4 {[%emt 0:00:30]} c5 {[%emt 0:02:00]} 2. Nf3 {[%emt 0:00:30]} d6 {[%emt 0:00:00]} 3. d4 {[%emt 0:00:30]} cxd4 {[%emt 0:00:00]} 4. Nxd4 {[%emt 0:00:30]} Nf6 {[%emt 0:00:00]} 5. Nc3 $11 {[%emt 0:00:00]} a6 {[%emt 0:04:00]} 6. Bd3 {[%emt 0:00:00]} e5 {[%emt 0:00:30]} 7. Nde2 {[%emt 0:00:00]} Be6 {[%emt 0:04:30]} 8. O-O {[%emt 0:00:00]} Be7 {[%emt 0:03:30]} 9. Ng3 {[%emt 0:15:30]} g6 {[%emt 0:12:30]} 10. f4 {[%emt 0:08:30]} exf4 {[%emt 0:01:30]} 11. Bxf4 {[%emt 0:00:30]} Nbd7 {[%emt 0:07:30]} 12. Qd2 {[%emt 0:13:30]} Ne5 {[%emt 0:11:30]} 13. Rae1 {[%emt 0:05:30]} h5 {[%emt 0:20:30]} 14. Nd5 {[%emt 0:35:26]} h4 {[%emt 0:06:30]} 15. Nf5 {[%emt 0:04:01]} gxf5 {[%emt 0:02:30]} 16. Nxe7 {[%emt 0:00:03]} Nxe4 {[%emt 0:11:23]} 17. Bxe4 {[%emt 0:01:13]} fxe4 {[%emt 0:03:22]} 18. Nd5 {[%emt 0:03:34]} Bxd5 {[%emt 0:06:18]} 19. Qxd5 {[%emt 0:00:10]} Qe7 {[%emt 0:00:45]} 20. Bxe5 {[%emt 0:06:08]} dxe5 {[%emt 0:00:04]} 21. Rxf7 {[%emt 0:00:11]} Qxf7 {[%emt 0:01:05]} 22. Qxe5+ {[%emt 0:00:02]} Kd7 {[%emt 0:00:26]} 23. Rd1+ {[%emt 0:00:30]} Kc6 {[%emt 0:00:30]} 24. Rd6+ {[%emt 0:00:01]} 1-0

[Event "Turkey IS Bank Super League 2017"]
[Site "Darica-Kocaeli"]
[Date "2017.07.30"]
[Round "5"]
[White "Karagollu, Ahmet"]
[Black "Kinsiz, Onur"]
[Result "1/2-1/2"]
[WhiteElo "2083"]
[BlackElo "2221"]
[Annotator "NA"]
[PlyCount "61"]
[EventType "team-tourn"]
[EventCountry "TUR"]
[SourceTitle "playchess.com"]
[Source "ChessBase"]
[SourceQuality "1"]
[TimeControl "40/5400+30:1800+30"]

1. e4 {[%emt 0:01:30]} d6 {[%emt 0:01:00]} 2. Nc3 {[%emt 0:00:30]} Nf6 {[%emt 0:01:30]} 3. g3 {[%emt 0:00:30]} c5 {[%emt 0:06:30]} 4. Bg2 {[%emt 0:02:30]} Nc6 {[%emt 0:00:30]} 5. d3 {[%emt 0:01:30]} g6 {[%emt 0:06:30]} 6. h3 {[%emt 0:04:30]} Bg7 {[%emt 0:01:30]} 7. Be3 {[%emt 0:00:30]} O-O {[%emt 0:03:30]} 8. Qd2 {[%emt 0:01:30] LiveBook: 61 Games} Rb8 {[%emt 0:17:30]} 9. Nge2 {[%emt 0:06:30]} b5 $11 {[%emt 0:02:30]} 10. Bh6 {[%emt 0:09:30]} b4 {[%emt 0:04:30]} 11. Nd5 {[%emt 0:05:30]} e6 {[%emt 0:05:30]} 12. Bxg7 {[%emt 0:01:30]} Kxg7 {[%emt 0:00:30]} 13. Ne3 {[%emt 0:00:00]} Nd4 {[%emt 0:12:30]} 14. O-O {[%emt 0:10:00]} Ng8 {[%emt 0:05:30]} 15. f4 {[%emt 0:07:30]} f5 {[%emt 0:04:30]} 16. Nxd4 {[%emt 0:04:30]} cxd4 {[%emt 0:01:30]} 17. Nc4 {[%emt 0:00:00]} Ba6 {[%emt 0:11:31]} 18. Qf2 {[%emt 0:03:00]} Bxc4 {[%emt 0:05:43]} 19. Qxd4+ {[%emt 0:01:30]} Qf6 {[%emt 0:00:48]} 20. Qxc4 {[%emt 0:02:30]} Rfc8 {[%emt 0:00:54]} 21. Qb3 {[%emt 0:02:30]} Ne7 {[%emt 0:00:09]} 22. Rae1 {[%emt 0:05:30]} Rc5 {[%emt 0:04:04]} 23. exf5 {[%emt 0:03:30]} Nxf5 {[%emt 0:00:13]} 24. Rxe6 {[%emt 0:02:30]} Qf7 {[%emt 0:00:24]} 25. Ree1 {[%emt 0:06:36]} Nxg3 {[%emt 0:02:23]} 26. d4 {[%emt 0:04:22]} Qxb3 {[%emt 0:00:55]} 27. cxb3 {[%emt 0:00:05]} Rc7 {[%emt 0:00:23]} 28. Rf2 {[%emt 0:00:50]} Rbc8 {[%emt 0:00:53]} 29. Bd5 {[%emt 0:03:56]} Nf5 {[%emt 0:00:27]} 30. Rd2 {[%emt 0:01:44]} Rc1 {[%emt 0:00:28]} 31. Kf2 {[%emt 0:02:20]} 1/2-1/2

[Event "Turkey IS Bank Super League 2017"]
[Site "Darica-Kocaeli"]
[Date "2017.07.30"]
[Round "5"]
[White "Gundogan, Cem"]
[Black "Uzumcu, Ahmet Utku"]
[Result "0-1"]
[WhiteElo "2062"]
[BlackElo "2223"]
[Annotator "NA"]
[PlyCount "50"]
[EventType "team-tourn"]
[EventCountry "TUR"]
[SourceTitle "playchess.com"]
[Source "ChessBase"]
[SourceQuality "1"]
[TimeControl "40/5400+30:1800+30"]

1. c4 {[%emt 0:00:30]} Nf6 {[%emt 0:04:00]} 2. Nc3 {[%emt 0:00:30]} g6 {[%emt 0:00:30]} 3. e4 {[%emt 0:09:30]} d6 {[%emt 0:00:30]} 4. d4 {[%emt 0:00:30]} Bg7 {[%emt 0:00:30]} 5. Be2 {[%emt 0:00:30]} O-O {[%emt 0:00:30]} 6. g4 {[%emt 0:01:30]} c5 {[%emt 0:15:30]} 7. d5 {[%emt 0:10:30]} e6 {[%emt 0:02:30]} 8. g5 {[%emt 0:01:30] LiveBook: 28 Games} Ne8 {[%emt 0:00:30]} 9. h4 {[%emt 0:01:30]} exd5 {[%emt 0:03:30]} 10. cxd5 {[%emt 0:04:30]} Qe7 $11 {[%emt 0:05:30]} 11. Qd3 {[%emt 0:46:56]} Nc7 {[%emt 0:07:30]} 12. f4 {[%emt 0:02:37]} b5 {[%emt 0:14:30]} 13. f5 {[%emt 0:03:01]} gxf5 {[%emt 0:07:30]} 14. exf5 {[%emt 0:00:06]} Bxc3+ {[%emt 0:00:30]} 15. bxc3 {[%emt 0:04:55]} Qe5 {[%emt 0:00:30]} 16. Nf3 {[%emt 0:03:55]} Qxf5 {[%emt 0:02:30]} 17. Qxf5 {[%emt 0:01:21]} Bxf5 {[%emt 0:01:30]} 18. Bf4 {[%emt 0:03:09]} Nxd5 {[%emt 0:01:30]} 19. Bxd6 {[%emt 0:00:14]} Re8 {[%emt 0:00:30]} 20. Kd2 {[%emt 0:00:37]} Nxc3 {[%emt 0:02:30]} 21. Kxc3 {[%emt 0:01:03]} Rxe2 {[%emt 0:00:30]} 22. Rhe1 {[%emt 0:01:13]} Rc2+ {[%emt 0:01:30]} 23. Kb3 {[%emt 0:00:30]} Nc6 {[%emt 0:00:00]} 24. Bc7 {[%emt 0:00:52]} c4+ {[%emt 0:02:00]} 25. Ka3 {[%emt 0:00:30]} Rc3+ {[%emt 0:00:00]} 0-1

[Event "Turkey IS Bank Super League 2017"]
[Site "Darica-Kocaeli"]
[Date "2017.07.30"]
[Round "5"]
[White "Kaplan, Ebru"]
[Black "Isgandarova, Khayala"]
[Result "1-0"]
[WhiteElo "2022"]
[BlackElo "2257"]
[Annotator "NA"]
[PlyCount "175"]
[EventType "team-tourn"]
[EventCountry "TUR"]
[SourceTitle "playchess.com"]
[Source "ChessBase"]
[SourceQuality "1"]
[TimeControl "40/5400+30:1800+30"]

1. e4 {[%emt 0:00:30]} e6 {[%emt 0:01:00]} 2. d4 {[%emt 0:00:30]} d5 {[%emt 0:00:30]} 3. Nd2 {[%emt 0:00:30]} c5 {[%emt 0:00:30]} 4. Ngf3 {[%emt 0:04:30]} Nc6 {[%emt 0:03:30]} 5. exd5 {[%emt 0:00:30]} exd5 {[%emt 0:01:30]} 6. Bb5 {[%emt 0:00:30]} Bd6 {[%emt 0:12:30]} 7. dxc5 {[%emt 0:01:30]} Bxc5 {[%emt 0:00:30]} 8. O-O {[%emt 0:00:30]} Nf6 {[%emt 0:04:30] LiveBook: 8 Games} 9. Nb3 {[%emt 0:07:30]} Be7 {[%emt 0:01:30]} 10. c3 {[%emt 0:04:30]} O-O $11 {[%emt 0:01:30]} 11. Be3 {[%emt 0:09:30]} Bg4 {[%emt 0:10:30]} 12. Be2 {[%emt 0:02:30]} Ne4 {[%emt 0:04:30]} 13. Nfd4 {[%emt 0:04:30]} Bd7 {[%emt 0:02:30]} 14. Qc2 {[%emt 0:05:30]} Rc8 {[%emt 0:03:30]} 15. Rad1 {[%emt 0:03:30]} Bd6 {[%emt 0:19:30]} 16. Nf3 {[%emt 0:17:30]} Bf5 {[%emt 0:12:47]} 17. Qc1 {[%emt 0:09:30]} a6 {[%emt 0:09:01]} 18. Bf4 {[%emt 0:05:30]} Nb4 {[%emt 0:05:23]} 19. Bxd6 {[%emt 0:06:06]} Qxd6 {[%emt 0:00:33]} 20. Nfd4 {[%emt 0:02:07]} Bg6 {[%emt 0:00:56]} 21. a3 {[%emt 0:02:33]} Nc6 {[%emt 0:00:36]} 22. f3 {[%emt 0:03:28]} Nf6 {[%emt 0:00:58]} 23. Bd3 {[%emt 0:01:32]} Bxd3 {[%emt 0:01:05]} 24. Rxd3 {[%emt 0:00:30]} Ne5 {[%emt 0:00:00]} 25. Rdd1 {[%emt 0:01:23]} Rfe8 {[%emt 0:00:24]} 26. Nf5 {[%emt 0:02:09]} Qf8 {[%emt 0:02:46]} 27. Qg5 {[%emt 0:02:30]} Kh8 {[%emt 0:00:05]} 28. Nbd4 {[%emt 0:00:40]} Nc4 {[%emt 0:00:53]} 29. Rf2 {[%emt 0:00:31]} Nd7 {[%emt 0:00:46]} 30. h4 {[%emt 0:01:33]} f6 {[%emt 0:00:30]} 31. Qf4 {[%emt 0:00:34]} Nc5 {[%emt 0:00:32]} 32. h5 {[%emt 0:00:33]} Ne5 {[%emt 0:00:25]} 33. Rfd2 {[%emt 0:00:39]} Nc4 {[%emt 0:00:53]} 34. Rf2 {[%emt 0:00:05]} Ne5 {[%emt 0:00:00]} 35. Qg3 {[%emt 0:00:48]} Rc7 {[%emt 0:00:53]} 36. Qh4 {[%emt 0:00:37]} Ned3 {[%emt 0:00:48]} 37. Rfd2 {[%emt 0:00:11]} Ne5 {[%emt 0:00:01]} 38. Kh1 {[%emt 0:00:33]} Nc4 {[%emt 0:00:36]} 39. Rf2 {[%emt 0:00:16]} Ne5 {[%emt 0:00:29]} 40. Rfd2 {[%emt 0:00:00]} Kg8 {[%emt 0:01:10]} 41. Re2 {[%emt 0:11:12]} g6 {[%emt 0:07:30]} 42. Qg3 {[%emt 0:03:40]} Kh8 {[%emt 0:02:30]} 43. Nh4 {[%emt 0:03:13]} Qh6 {[%emt 0:05:38]} 44. Qh2 {[%emt 0:07:56]} Qxh5 {[%emt 0:06:00]} 45. g4 {[%emt 0:00:08]} Qg5 {[%emt 0:04:01]} 46. f4 {[%emt 0:00:54]} Qxg4 {[%emt 0:00:18]} 47. Rg1 {[%emt 0:04:38]} Qh5 {[%emt 0:01:39]} 48. fxe5 {[%emt 0:00:04]} g5 {[%emt 0:05:52]} 49. Nhf3 {[%emt 0:02:28]} Qxh2+ {[%emt 0:00:05]} 50. Kxh2 {[%emt 0:00:00]} fxe5 {[%emt 0:00:30]} 51. Rxg5 {[%emt 0:01:18]} Rf8 {[%emt 0:00:56]} 52. Rgxe5 {[%emt 0:00:35]} Nd3 {[%emt 0:00:20]} 53. Re8 {[%emt 0:00:40]} Rcf7 {[%emt 0:00:23]} 54. Ng5 {[%emt 0:00:54]} Rf6 {[%emt 0:00:24]} 55. Rxf8+ {[%emt 0:00:45]} Rxf8 {[%emt 0:00:04]} 56. Rd2 {[%emt 0:00:14]} Nf4 {[%emt 0:00:44]} 57. Nde6 {[%emt 0:00:30]} Rf5 {[%emt 0:00:42]} 58. Nxf4 {[%emt 0:00:40]} Rxf4 {[%emt 0:00:30]} 59. Ne6 {[%emt 0:00:00]} Rf5 {[%emt 0:00:26]} 60. Nc7 {[%emt 0:00:04]} Kg7 {[%emt 0:00:48]} 61. Nxd5 {[%emt 0:00:14]} Kf7 {[%emt 0:00:00]} 62. Kg3 {[%emt 0:00:34]} Ke6 {[%emt 0:00:03]} 63. Nf4+ {[%emt 0:00:27]} Ke7 {[%emt 0:00:04]} 64. Kg4 {[%emt 0:00:37]} Rc5 {[%emt 0:00:56]} 65. Rd4 {[%emt 0:00:25]} Re5 {[%emt 0:00:22]} 66. Rd2 {[%emt 0:00:46]} Rc5 {[%emt 0:00:17]} 67. Rh2 {[%emt 0:00:00]} Kd6 {[%emt 0:00:31]} 68. Rxh7 {[%emt 0:00:38]} Rb5 {[%emt 0:00:06]} 69. Rh2 {[%emt 0:01:12]} Kc5 {[%emt 0:00:36]} 70. Ne6+ {[%emt 0:01:13]} Kc4 {[%emt 0:00:16]} 71. Nd4 {[%emt 0:00:36]} Re5 {[%emt 0:00:51]} 72. Kf4 {[%emt 0:00:01]} Re7 {[%emt 0:00:00]} 73. Nf5 {[%emt 0:00:08]} Re6 {[%emt 0:00:10]} 74. Rd2 {[%emt 0:00:17]} b5 {[%emt 0:01:42]} 75. Nd4 {[%emt 0:00:44]} Re1 {[%emt 0:00:35]} 76. Kf3 {[%emt 0:01:09]} a5 {[%emt 0:01:03]} 77. Re2 {[%emt 0:00:19]} Rd1 {[%emt 0:00:06]} 78. Nc6 {[%emt 0:00:45]} a4 {[%emt 0:01:04]} 79. Nd4 {[%emt 0:00:31]} Rd3+ {[%emt 0:00:48]} 80. Ke4 {[%emt 0:00:22]} Rh3 {[%emt 0:00:32]} 81. Rf2 {[%emt 0:00:32]} Rh4+ {[%emt 0:00:14]} 82. Ke5 {[%emt 0:00:36]} Rh5+ {[%emt 0:00:39]} 83. Kd6 {[%emt 0:00:18]} Rh6+ {[%emt 0:00:40]} 84. Kc7 {[%emt 0:00:13]} Rg6 {[%emt 0:00:00]} 85. Rf5 {[%emt 0:00:41]} Rg7+ {[%emt 0:00:53]} 86. Kb6 {[%emt 0:00:48]} b4 {[%emt 0:00:37]} 87. axb4 {[%emt 0:00:27]} a3 {[%emt 0:00:15]} 88. Rc5+ {[%emt 0:00:06]} 1-0

[Event "Turkey IS Bank Super League 2017"]
[Site "Darica-Kocaeli"]
[Date "2017.07.30"]
[Round "5"]
[White "Unat, Can Haktan"]
[Black "Bozbey, Ali"]
[Result "0-1"]
[WhiteElo "2006"]
[BlackElo "2139"]
[Annotator "NA"]
[PlyCount "140"]
[EventType "team-tourn"]
[EventCountry "TUR"]
[SourceTitle "playchess.com"]
[Source "ChessBase"]
[SourceQuality "1"]
[TimeControl "40/5400+30:1800+30"]

1. e4 {[%emt 0:00:30]} d6 {[%emt 0:01:00]} 2. d4 {[%emt 0:01:30]} Nf6 {[%emt 0:00:30]} 3. Bd3 {[%emt 0:02:30]} e5 {[%emt 0:01:30]} 4. c3 {[%emt 0:02:30]} Nc6 {[%emt 0:01:30]} 5. Ne2 {[%emt 0:02:30]} Be7 {[%emt 0:04:30]} 6. d5 {[%emt 0:02:30]} Nb8 {[%emt 0:00:00]} 7. c4 {[%emt 0:01:30]} a5 {[%emt 0:07:00]} 8. b3 {[%emt 0:01:30]} Na6 $14 {[%emt 0:00:30]} 9. Nbc3 {[%emt 0:05:30]} Nc5 {[%emt 0:03:30]} 10. O-O {[%emt 0:01:30]} Nh5 {[%emt 0:02:30]} 11. a3 {[%emt 0:11:30]} Bg5 {[%emt 0:03:30]} 12. Kh1 {[%emt 0:11:30]} O-O {[%emt 0:11:30]} 13. Bxg5 {[%emt 0:01:30]} Qxg5 {[%emt 0:00:30]} 14. Nb5 {[%emt 0:00:30]} Qe7 {[%emt 0:03:30]} 15. Rc1 {[%emt 0:00:30]} f5 {[%emt 0:08:30]} 16. exf5 {[%emt 0:05:30]} Nxd3 {[%emt 0:02:30]} 17. Qxd3 {[%emt 0:00:30]} Bxf5 {[%emt 0:00:00]} 18. Qe3 {[%emt 0:00:00]} c6 {[%emt 0:03:00]} 19. Nbc3 {[%emt 0:11:00]} Nf6 {[%emt 0:04:30]} 20. Rcd1 {[%emt 0:02:30]} Bc2 {[%emt 0:00:30]} 21. Rc1 {[%emt 0:14:00]} Bxb3 {[%emt 0:02:30]} 22. Nb1 {[%emt 0:02:47]} Ba2 {[%emt 0:00:30]} 23. dxc6 {[%emt 0:01:49]} bxc6 {[%emt 0:00:30]} 24. f3 {[%emt 0:00:12]} Bxb1 {[%emt 0:03:30]} 25. Rxb1 {[%emt 0:00:30]} Rab8 {[%emt 0:00:30]} 26. Rbd1 {[%emt 0:01:47]} Qc7 {[%emt 0:03:30]} 27. Ng3 {[%emt 0:00:50]} d5 {[%emt 0:02:30]} 28. cxd5 {[%emt 0:01:26]} cxd5 {[%emt 0:00:30]} 29. Rc1 {[%emt 0:00:00]} Qe7 {[%emt 0:01:30]} 30. Nf5 {[%emt 0:00:44]} Qe6 {[%emt 0:01:30]} 31. Nd4 {[%emt 0:07:02]} Qb6 {[%emt 0:00:30]} 32. Qxe5 {[%emt 0:02:15]} Rbe8 {[%emt 0:00:30]} 33. Qf4 {[%emt 0:00:18]} Ne4 {[%emt 0:00:30]} 34. Qh4 {[%emt 0:00:36]} Qxd4 {[%emt 0:00:00]} 35. fxe4 {[%emt 0:00:07]} dxe4 {[%emt 0:01:00]} 36. Rfd1 {[%emt 0:02:39]} Qe5 {[%emt 0:00:30]} 37. Re1 {[%emt 0:02:13]} e3 {[%emt 0:03:30]} 38. Qc4+ {[%emt 0:00:30]} Kh8 {[%emt 0:00:00]} 39. Qg4 {[%emt 0:00:44]} e2 {[%emt 0:00:00]} 40. Qg3 {[%emt 0:00:34]} Qb5 {[%emt 0:00:30]} 41. h3 {[%emt 0:06:27]} Qb2 {[%emt 0:00:30]} 42. Qd3 {[%emt 0:03:30]} a4 {[%emt 0:05:30]} 43. Rb1 {[%emt 0:03:50]} Qe5 {[%emt 0:03:30]} 44. Rg1 {[%emt 0:09:27]} Qf4 {[%emt 0:01:30]} 45. Rbe1 {[%emt 0:01:40]} Re3 {[%emt 0:00:30]} 46. Qd7 {[%emt 0:02:36]} Qe4 {[%emt 0:01:30]} 47. Kh2 {[%emt 0:04:23]} Qe5+ {[%emt 0:00:30]} 48. Kh1 {[%emt 0:00:00]} Rxa3 {[%emt 0:00:30]} 49. Qg4 {[%emt 0:00:47]} Re8 {[%emt 0:00:30]} 50. Qb4 {[%emt 0:00:36]} Ra2 {[%emt 0:03:30]} 51. Qc4 {[%emt 0:00:35]} Qe6 {[%emt 0:00:30]} 52. Qb4 {[%emt 0:00:40]} Qe4 {[%emt 0:01:30]} 53. Qc3 {[%emt 0:01:35]} Rc2 {[%emt 0:00:00]} 54. Qa5 {[%emt 0:00:26]} Ra8 {[%emt 0:01:00]} 55. Qb5 {[%emt 0:01:36]} a3 {[%emt 0:00:00]} 56. Ra1 {[%emt 0:00:07]} Rc3 {[%emt 0:00:00]} 57. Qh5 {[%emt 0:00:52]} Ra5 {[%emt 0:05:30]} 58. Rgb1 {[%emt 0:00:25]} Ra8 {[%emt 0:01:30]} 59. Re1 {[%emt 0:00:08]} Re8 {[%emt 0:01:30]} 60. Ra2 {[%emt 0:00:16]} Re3 {[%emt 0:00:00]} 61. Rd2 {[%emt 0:00:23]} g6 {[%emt 0:02:00]} 62. Qh6 {[%emt 0:00:20]} Qb4 {[%emt 0:00:00]} 63. Qg5 {[%emt 0:02:39]} Qxd2 {[%emt 0:00:00]} 64. Qf6+ {[%emt 0:00:14]} Kg8 {[%emt 0:00:30]} 65. Qh4 {[%emt 0:00:00]} Qxe1+ {[%emt 0:01:30]} 66. Qxe1 {[%emt 0:00:18]} Rd3 {[%emt 0:00:00]} 67. Kh2 {[%emt 0:00:22]} Rd1 {[%emt 0:00:00]} 68. Qb4 {[%emt 0:00:50]} e1=Q {[%emt 0:00:00]} 69. Qb3+ {[%emt 0:00:20]} Kh8 {[%emt 0:00:00]} 70. h4 {[%emt 0:00:21]} Qxh4+ {[%emt 0:00:00]} 0-1

[Event "Turkey IS Bank Super League 2017"]
[Site "Darica-Kocaeli"]
[Date "2017.07.30"]
[Round "5"]
[White "Gundogan, Sinem Cagla"]
[Black "Arda, Cagil Irmak"]
[Result "0-1"]
[WhiteElo "2000"]
[BlackElo "2080"]
[Annotator "NA"]
[PlyCount "54"]
[EventType "team-tourn"]
[EventCountry "TUR"]
[SourceTitle "playchess.com"]
[Source "ChessBase"]
[SourceQuality "1"]
[TimeControl "40/5400+30:1800+30"]

1. e4 {[%emt 0:00:30]} e6 {[%emt 0:02:00]} 2. d4 {[%emt 0:02:30]} d5 {[%emt 0:00:30]} 3. e5 {[%emt 0:00:30]} c5 {[%emt 0:00:30]} 4. c3 {[%emt 0:00:30]} Qb6 {[%emt 0:00:00]} 5. Nf3 {[%emt 0:00:30]} Nc6 {[%emt 0:00:00]} 6. a3 {[%emt 0:00:00]} Nh6 {[%emt 0:00:00]} 7. b4 {[%emt 0:02:00]} cxd4 {[%emt 0:00:00]} 8. cxd4 {[%emt 0:00:30]} Nf5 {[%emt 0:00:00]} 9. Be3 {[%emt 0:02:30]} f6 {[%emt 0:00:00]} 10. exf6 {[%emt 0:04:30]} gxf6 {[%emt 0:00:00]} 11. Nc3 {[%emt 0:04:30]} Nxe3 {[%emt 0:01:00]} 12. fxe3 $11 {[%emt 0:00:00]} Bh6 {[%emt 0:00:00]} 13. Qd3 {[%emt 0:04:00]} Ne7 {[%emt 0:06:00]} 14. Be2 {[%emt 0:13:30]} a5 {[%emt 0:09:30]} 15. b5 {[%emt 0:16:30]} Bd7 {[%emt 0:13:30]} 16. O-O {[%emt 0:06:30]} O-O {[%emt 0:02:30]} 17. e4 {[%emt 0:08:30]} Rac8 {[%emt 0:06:30]} 18. Na4 {[%emt 0:08:30]} Qd8 {[%emt 0:01:30]} 19. e5 {[%emt 0:04:46]} Ng6 {[%emt 0:09:30]} 20. Nc5 {[%emt 0:03:09]} fxe5 {[%emt 0:02:30]} 21. Nxe5 {[%emt 0:07:05]} Nxe5 {[%emt 0:00:30]} 22. Qh3 {[%emt 0:00:17]} Qg5 {[%emt 0:10:30]} 23. Nxd7 {[%emt 0:04:52]} Qe3+ {[%emt 0:00:30]} 24. Qxe3 {[%emt 0:00:30]} Bxe3+ {[%emt 0:00:30]} 25. Kh1 {[%emt 0:00:00]} Nxd7 {[%emt 0:00:30]} 26. Bg4 {[%emt 0:00:00]} Rxf1+ {[%emt 0:00:30]} 27. Rxf1 {[%emt 0:00:11]} Nf8 {[%emt 0:00:00]} 0-1